000
00323 a2200157 4500
001
169927
020
_a
040
_c
Magnum
100
_a
Miranda, Helena
240
1
0
_a
Pedacinhos magicos
_l
por
245
1
0
_a
Pedacinhos magicos
362
0
_a
1899
440
1
_a
Ao Livro Técnico
697
_a
IJ/GERAL
942
_c
BK
999
_c
169927
_d
169927